00506nam a2200145 a 450000500170000000800410001702000180005805000260007610000190010224501710012126000320029230000090032450000170033365000100035020140412111426.0090626s19uu xx 00 eng d a0-439-43893-4 aTR(GS 808.1bG76 2004 aGrant, Shelley a40 Wonderful blend & digraph poems :bA Delighful collection of poems with an easy to use lesson plan to help young learners build key phonics skills /cShelly Grant. aU.S.A :bScholastic,c2004. a48p. aGrades K - 2 aPoems